| 000 | 01329nam0a22003251 4500 | ||
|---|---|---|---|
| 001 | rc\3910696 | ||
| 005 | 20250611020408.0 | ||
| 021 |
_aRU _b[55-22732] |
||
| 035 | _a(NLR Aleph) 008019145 | ||
| 090 |
_a8749489 _c8749489 |
||
| 100 | _a20130415d1954 |||y0rusy50 ca | ||
| 101 | 0 | _arus | |
| 102 | _aRU | ||
| 105 | _aa z ||||| | ||
| 200 | 1 |
_aШирокопленочные звуковые передвижные киноустановки _fПод общ. ред. К.В. Плетникова |
|
| 210 |
_aМосква _cИскусство _d1954 |
||
| 215 |
_a176 с. _cчерт. _d20 |
||
| 300 | _aПеред загл. авт.: А.М. Балл, Н.А. Лысенко, А.М. Юрьев | ||
| 311 | _aПрил.: [Иллюстрации] | ||
| 421 | 0 |
_11010#$arus _12001#$a[Иллюстрации] _1215##$a116 отд. л. в папке$d18×27 _t[Иллюстрации] |
|
| 606 |
_aКинопередвижки звуковые _2psbo |
||
| 700 | 1 |
_aБалл _bА.М. _gАлексей Михайлович |
|
| 701 | 1 |
_aЛысенко _bН.А. _gНиколай Александрович |
|
| 701 | 1 |
_aЮрьев _bА.М. _gАндрей Михайлович |
|
| 702 | 1 |
_aПлетников _bК.В. _4340 |
|
| 801 | 0 |
_aRU _bNLR _gpsbo |
|
| 801 | 1 |
_aRU _bELAR _2rusmarc |
|
| 852 |
_aNLR _jТ76 Г-7/26 |
||
| 942 | _cBOOK | ||
| 980 | _aNB | ||